000 00558nam a2200193Ia 4500
005 20250508165938.0
008 008 250505s9999 xx 000 0 eng d
037 _aDissertations
040 _aFEDL
_beng
_cFEDL
041 _aeng
_2eng
084 _a371.904 3, TAN/DI
_qFEDL
100 _aTaneja Parul
_9782491
245 0 _aExploring role of teachers in inclusive pedagogy
260 _c2018
300 _a66p.
546 _aM.Ed. Dissertation, (Delhi University)
942 _cDIS
_h371.904 3, TAN/DI
999 _c1398346
_d1398346